<?xml version="1.0" encoding="UTF-8"?>
<collection xmlns="http://www.loc.gov/MARC21/slim">
 <record>
  <leader>02042nam a22002897a 4500</leader>
  <controlfield tag="001">NCT_49043</controlfield>
  <controlfield tag="008">180910b        xxu||||| |||| 00| 0 vie d</controlfield>
  <datafield tag="999" ind1=" " ind2=" ">
   <subfield code="c">2346</subfield>
   <subfield code="d">2346</subfield>
  </datafield>
  <datafield tag="020" ind1=" " ind2=" ">
   <subfield code="a">9786049501906</subfield>
   <subfield code="c">60000</subfield>
  </datafield>
  <datafield tag="082" ind1="0" ind2="4">
   <subfield code="2">23rd ed.</subfield>
   <subfield code="a">629.287</subfield>
   <subfield code="b">Tr106</subfield>
  </datafield>
  <datafield tag="100" ind1="1" ind2=" ">
   <subfield code="a">Vỹ Gia Tráng</subfield>
  </datafield>
  <datafield tag="245" ind1="1" ind2="0">
   <subfield code="a">Kỹ thuật bảo dưỡng và sửa chữa ô tô hiện đại :</subfield>
   <subfield code="b">Bảo dưỡng ô tô</subfield>
   <subfield code="c">Vỹ Gia Tráng, Kha Túc Vỹ, Hứa Bình ; Trần Giang Sơn (dịch) ; Hoàng Thăng Bình (hiệu đính)</subfield>
  </datafield>
  <datafield tag="260" ind1=" " ind2=" ">
   <subfield code="a">H.</subfield>
   <subfield code="b">Bách khoa Hà Nội</subfield>
   <subfield code="c">2017</subfield>
  </datafield>
  <datafield tag="300" ind1=" " ind2=" ">
   <subfield code="a">147 tr.</subfield>
   <subfield code="b">hình vẽ, bảng</subfield>
   <subfield code="c">24cm</subfield>
  </datafield>
  <datafield tag="520" ind1="3" ind2=" ">
   <subfield code="a">&quot;Giới thiệu các bài thực hành kiểm tra, bảo dưỡng, thường xuyên, định kỳ ô tô; trong mỗi bài thực hành gồm: tóm tắt, tình huống cụ thể, mục tiêu, kiến thức lý thuyết và thực hành&quot;</subfield>
  </datafield>
  <datafield tag="653" ind1=" " ind2=" ">
   <subfield code="a">Công nghệ kỹ thuật ô tô</subfield>
  </datafield>
  <datafield tag="700" ind1="1" ind2=" ">
   <subfield code="a">Kha Túc Vỹ</subfield>
  </datafield>
  <datafield tag="700" ind1="1" ind2=" ">
   <subfield code="a">Hứa Bình</subfield>
  </datafield>
  <datafield tag="700" ind1="1" ind2=" ">
   <subfield code="a">Trần Giang Sơn</subfield>
   <subfield code="e">dịch</subfield>
  </datafield>
  <datafield tag="700" ind1="1" ind2=" ">
   <subfield code="a">Hoàng Thăng Bình</subfield>
  </datafield>
  <datafield tag="942" ind1=" " ind2=" ">
   <subfield code="2">ddc</subfield>
   <subfield code="c">BK</subfield>
  </datafield>
  <datafield tag="952" ind1=" " ind2=" ">
   <subfield code="0">0</subfield>
   <subfield code="1">0</subfield>
   <subfield code="2">ddc</subfield>
   <subfield code="4">0</subfield>
   <subfield code="6">629_287000000000000_TR106</subfield>
   <subfield code="7">0</subfield>
   <subfield code="9">13559</subfield>
   <subfield code="a">000001</subfield>
   <subfield code="b">000001</subfield>
   <subfield code="d">2018-09-10</subfield>
   <subfield code="l">4</subfield>
   <subfield code="o">629.287 Tr106</subfield>
   <subfield code="p">MD.13177</subfield>
   <subfield code="r">2021-03-02</subfield>
   <subfield code="s">2021-02-23</subfield>
   <subfield code="v">60000.00</subfield>
   <subfield code="w">2018-09-10</subfield>
   <subfield code="y">BK</subfield>
  </datafield>
  <datafield tag="952" ind1=" " ind2=" ">
   <subfield code="0">0</subfield>
   <subfield code="1">0</subfield>
   <subfield code="2">ddc</subfield>
   <subfield code="4">0</subfield>
   <subfield code="6">629_287000000000000_TR106</subfield>
   <subfield code="7">0</subfield>
   <subfield code="9">13560</subfield>
   <subfield code="a">000001</subfield>
   <subfield code="b">000001</subfield>
   <subfield code="d">2018-09-10</subfield>
   <subfield code="l">1</subfield>
   <subfield code="o">629.287 Tr106</subfield>
   <subfield code="p">MD.13178</subfield>
   <subfield code="r">2021-02-23</subfield>
   <subfield code="s">2021-01-27</subfield>
   <subfield code="v">60000.00</subfield>
   <subfield code="w">2018-09-10</subfield>
   <subfield code="y">BK</subfield>
  </datafield>
  <datafield tag="952" ind1=" " ind2=" ">
   <subfield code="0">0</subfield>
   <subfield code="1">0</subfield>
   <subfield code="2">ddc</subfield>
   <subfield code="4">0</subfield>
   <subfield code="6">629_287000000000000_TR106</subfield>
   <subfield code="7">0</subfield>
   <subfield code="9">13561</subfield>
   <subfield code="a">000001</subfield>
   <subfield code="b">000001</subfield>
   <subfield code="d">2018-09-10</subfield>
   <subfield code="l">1</subfield>
   <subfield code="o">629.287 Tr106</subfield>
   <subfield code="p">MD.13179</subfield>
   <subfield code="r">2021-01-28</subfield>
   <subfield code="s">2021-01-14</subfield>
   <subfield code="v">60000.00</subfield>
   <subfield code="w">2018-09-10</subfield>
   <subfield code="y">BK</subfield>
  </datafield>
  <datafield tag="952" ind1=" " ind2=" ">
   <subfield code="0">0</subfield>
   <subfield code="1">0</subfield>
   <subfield code="2">ddc</subfield>
   <subfield code="4">0</subfield>
   <subfield code="6">629_287000000000000_TR106</subfield>
   <subfield code="7">0</subfield>
   <subfield code="9">13562</subfield>
   <subfield code="a">000001</subfield>
   <subfield code="b">000001</subfield>
   <subfield code="d">2018-09-10</subfield>
   <subfield code="l">3</subfield>
   <subfield code="o">629.287 Tr106</subfield>
   <subfield code="p">MD.13180</subfield>
   <subfield code="r">2020-09-30</subfield>
   <subfield code="s">2020-09-09</subfield>
   <subfield code="v">60000.00</subfield>
   <subfield code="w">2018-09-10</subfield>
   <subfield code="y">BK</subfield>
  </datafield>
  <datafield tag="952" ind1=" " ind2=" ">
   <subfield code="0">0</subfield>
   <subfield code="1">0</subfield>
   <subfield code="2">ddc</subfield>
   <subfield code="4">0</subfield>
   <subfield code="6">629_287000000000000_TR106</subfield>
   <subfield code="7">0</subfield>
   <subfield code="9">13563</subfield>
   <subfield code="a">000001</subfield>
   <subfield code="b">000001</subfield>
   <subfield code="d">2018-09-10</subfield>
   <subfield code="o">629.287 Tr106</subfield>
   <subfield code="p">MD.13181</subfield>
   <subfield code="r">2018-09-10</subfield>
   <subfield code="v">60000.00</subfield>
   <subfield code="w">2018-09-10</subfield>
   <subfield code="y">BK</subfield>
  </datafield>
  <datafield tag="980" ind1=" " ind2=" ">
   <subfield code="a">Thư viện Trường Đại học Nam Cần Thơ</subfield>
  </datafield>
 </record>
</collection>
